000 01718nam a2200253Ia 4500
008 260220t1976||||xx |||||||||||||| ||spa||
040 _aPY-SlUNAC
_bspa
_erda
041 _aspa
082 _a306
_bG335a
100 _aGenovés, Santiago
_eAutor
245 0 _aAcali /
_cpor Santiago Genovés [Autor]
250 _aOctava edición
264 _aBarcelona :
_bPlaneta,
_c℗1976.
300 _a1 volumen
520 _aEl libro "Acali" de Santiago Genovés, publicado en 1976, narra la experiencia de un grupo de personas que, en un experimento social audaz, se embarcan en un viaje en una balsa a través del Océano Atlántico. Esta travesía, que busca explorar las dinámicas humanas en un entorno cerrado, se convierte en un microcosmos de la sociedad contemporánea, donde emergen conflictos, alianzas y diversas interacciones interpersonales. A lo largo de la narrativa, Genovés aborda temas como la convivencia, la cooperación y la lucha por la supervivencia, revelando las complejidades del comportamiento humano en situaciones extremas. La obra se destaca por su enfoque en la psicología social y la crítica a las estructuras sociales, poniendo de manifiesto cómo las circunstancias pueden moldear la identidad y las relaciones humanas. A través de una prosa envolvente, el autor invita al lector a reflexionar sobre la naturaleza humana y los vínculos que nos unen, así como sobre la fragilidad de la convivencia en un mundo cada vez más polarizado.
653 _aCultura
653 _aLiteratura
653 _aNarrativa
942 _b2026/02/17
_cBK
999 _c6984
_d6984